000 00891nam a2200253Ia 4500
003 OSt
005 20220923211233.0
006 a|||||r|||| 00| 0
007 ta
008 Pun
020 _a9788171435050 (hbk)
_c200
024 _a282,364
037 _b881, 12/08/2014, H.K. Prakashan
_cTextual
040 _aARTS
_cARTS
_bPun
041 _2Pun
_aPun
082 _aO153,1N363:g, Q0
100 _aਸਿੰਘ, ਬ੍ਰਹਮਜਗਦੀF, ਥਦ.
_9159991
245 0 _aਗੁਲਮੋਹਰ
_b ਚਿੰਤਨ ਤੇ ਚੇਤਨਾ
260 _aਅੰਮ੍ਰਿਤਸਰ
_b ਰਵੀ ਸਾਹਿਤ ਪ੍ਰਕਾFਨ
_c2010
300 _a136ਪੰ
_ccm.
650 _aਪੰਜਾਬੀ ਸਾਹਿਤ
942 _hO153,1N363:g, Q0
_cTEXL
_2CC
999 _c297438
_d297438